000 00729nam a2200289Ia 4500
005 20260324114039.0
008 008 260324s9999 xx 000 0 eng d
020 _a9781003456780
037 _aEBOOK
040 _aCRL
040 _beng
040 _cCRL
041 _2eng
041 _aeng
084 _qCRL
100 _aJoseph Malaluan Velarde
_91149218
245 0 _aLeading in Multicultural Schools
245 0 _bCultural Intelligence and Leadership Styles for Better Organisations
260 _bTaylor and Francis
260 _c2023
365 _a
365 _b230
856 _uhttp://www.taylorfrancis.com/books/9781003456780
942 _cEBOOK
999 _c1739188
_d1739188